000 00487nam a2200181Ia 4500
003 GCL
008 140319s9999 xx 000 0 ara d
040 _aGCL /
_cGCL
082 0 4 _a810.8
_bم غ
100 1 _aمصطفى محمود
245 1 0 _aالغابة /
_cمصطفى محمود
260 _aالقاهرة :
_bدار المعارف ،
_c1990
300 _a125 ص
490 _a
650 0 4 _aالادب العربى
650 0 4 _aالقصة العربية
942 _2ddc
_cBK
999 _c47951
_d47951